| 000 | 00774nam a2200241 i 4500 | ||
|---|---|---|---|
| 001 | bg | ||
| 245 | 0 | 0 |
_aBezpieczeństwo systemów komputerowych i telekomunikacyjnych : _bpraca zbiorowa / _cpod red. Andrzeja Grzywaka. |
| 260 |
_aChorzów : _b"SOTEL", _c1999. |
||
| 300 |
_a430 s. : _brys. ; _c24 cm. |
||
| 490 | 1 | _aOchrona Informacji | |
| 504 | _aBibliogr. s.420-430. | ||
| 650 | 9 |
_aSieć komputerowa _xochrona _xmetody |
|
| 650 | 9 |
_aTransmisja danych _xochrona |
|
| 650 | 9 |
_aSzyfry _xstosowanie _xtechnika |
|
| 650 | 9 |
_aTelekomunikacja _xzagadnienia |
|
| 700 | 1 |
_aGRZYWAK, Andrzej _d(1931- ). _eRed. |
|
| 830 | _aOchrona Informacji | ||
| 040 | _cBPK | ||
| 041 | 0 | _apl | |
| 080 | _a004.7:004.056.5:621.391 | ||
| 942 | _cKS | ||
| 008 | s pl f |000 0 pol | ||
| 999 |
_c36762 _d36762 |
||
| 856 |
_uhttp://koha.tu.koszalin.pl/cgi-bin/koha/opac-detail.pl?biblionumber=36762 _yKatalog online BPK |
||